000 00842nam a22002657a 4500
001 7838
003 FISKH
005 20250811151834.0
008 250811b cb ||||| |||| 00| 0 eng d
040 _aFISKH
_beng
_cFISKH
_dFISKH
050 _aPZ7.A983 C
082 _a813.54
100 _aAylesworth, Jim
245 _aClang clang clang /
260 _aNew York :
_bAtheneum,
_c1991
300 _a22 unnumbered pages :
_bcolor illustrations ;
_c21 x 26 cm
505 _aL
520 _aRecreates the sights and sounds at a country crossing one summer night, as an old car patiently awaits the passing of a long and noisy freight train. Whooawoo!
521 8 _a510
_bLexile estimate
521 8 _aL
_bRaz-Plus
650 _aRailroad trains
700 _aRand, Ted
_eillustrator
942 _2ddc
_cBK
_n0
999 _c7838
_d7838